Honorarios Rǧimen fiscal de las actividades profesionales. Personas fs̕icas 2014 /

Bibliographic Details
Main Author: Přez Chavez, Još
Other Authors: Fol Olguin, Raymundo
Format: eBook
Language:Spanish
Published: Mx̌ico DF: Tax Editores, 2014
Subjects:
Online Access:Acceso restringido

MARC

LEADER 00000nam a22000007a 4500
005 20141230235713.0
007 cr|||| ||||
008 141230s2014 mx |||||s|||| 00||0 spa d
020 |a 786074-406825 
035 |a 12555 
040 |a vLex 
090 |c 5318  |d 5318 
100 1 |a Přez Chavez, Još 
245 1 0 |a Honorarios  |h [Recurso electrn̤ico] :  |b Rǧimen fiscal de las actividades profesionales. Personas fs̕icas 2014 /  |c Jos ̌Přez Chavez, Raymundo Fol Olguin 
256 |a Servicio en ln̕ea 
260 |a Mx̌ico DF:  |b Tax Editores,  |c 2014 
300 |a 1 recurso electrn̤ico 
500 |a Las personas fs̕icas que obtengan ingresos por la prestacin̤ de servicios profesionales (honorarios) tributarǹ en el rǧimen de las actividades empresariales y profesionales mediante un sistema de flujo de efectivo, para que el impuesto se cause hasta el momento en que se obtengan los ingresos y no cuando štos se devenguen, sistema que tambiň ser ̀aplicable para efectos de la LIVA. Con la reforma fiscal para el ejercicio de 2014, el H. Congreso de la Unin̤ aprob ̤una nueva LISR, en vigor a partir del 1o. de enero de 2014. Esta nueva Ley abrog ̤la anterior, publicada en el DOF el 1o. de enero de 2002. La presente obra se encuentra totalmente actualizada conforme a esta nueva Ley. Asimismo, mediante la reforma fiscal, se efectuaron modificaciones importantes a la LIVA y al CFF, las cuales se comentan en esta obra. Por otra parte, el 26 de diciembre de 2013, la SHCP dio a conocer en el DOF el Decreto que compila diversos beneficios fiscales y establece medidas de simplificacin̤ administrativa, el cual entr ̤en vigor el 1o.de enero de 2014. En esta obra comentamos los principales beneficios que otorga el referido Decreto a los contribuyentes que perciben ingresos por la realizacin̤ de actividades profesionales (honorarios). Con la finalidad de llevar de la mano a los contribuyentes que perciben ingresos por honorarios en el cumplimiento de sus obligaciones fiscales y en la correcta determinacin̤ de sus impuestos, complementamos la informacin̤ con diversos casos prc̀ticos que permitirǹ al lector conocer, entender y aplicar de inmediato las disposiciones fiscales contenidas en las leyes de los impuestos sobre la Renta, al Valor Agregado, as ̕como el Cd̤igo Fiscal de la Federacin̤, la Resolucin̤ Miscelǹea Fiscal vigente y Decretos, que deberǹ atender los contribuyentes de referencia. El presente libro est ̀dirigido a los responsables del cumplimiento de las obligaciones fiscales de las personas fs̕icas que perciben ingresos por honorarios, a los maestros de impuestos, a los estudiantes de la materia fiscal, a las citadas personas que se interesen en saber cm̤o cumplir adecuadamente sus obligaciones fiscales y, en general, a cualquier persona que se interese en conocer las disposiciones fiscales aplicables a tales personas fs̕icas. 
506 1 |a Disponible solo en los productos indicados  |d vLex Global  |d vLex Global (Academic Edition, excluding Law Schools)  |d vLex Global (U.S. Academic Edition, Law Schools)  |d vLex Global (U.S. Academic Edition, excluding Law Schools)  |d vLex Global (Academic Edition, Law Schools) 
650 0 4 |a Derecho Civil  |z Mx̌ico 
650 0 4 |a Derecho Fiscal  |z Mx̌ico 
700 1 |a Fol Olguin, Raymundo 
740 0 |a vLex Libros (Servicio en ln̕ea) 
856 4 0 |u http://vlex.com/source/honorarios-regimen-fiscal-de-las-actividades-profesionales-personas-fisicas-2014-12555  |z Acceso restringido 
942 |c BOOK 
999 0 |a Civil Law 
999 0 |a Tax Law